Fußball: Die Meister der 4 höchsten deutschen Spielklassen 2024 - Statistiken

Allgemein
  • Dieses Quiz wurde 367 mal gespielt
  • Das Durchschnittsergebnis liegt bei 6 aus 8
Antwortstatistiken
Liga Meister % Korrekt
1. Bundesliga Bayer Leverkusen
100%
2. Bundesliga FC St. Pauli
94%
3. Liga SSV Ulm 1846
81%
RL Nordost Energie Cottbus
59%
RL West Alemannia Aachen
57%
RL Nord Hannover 96 II
57%
RL Südwest VfB Stuttgart II
55%
RL Bayern Würzburger Kickers
49%
Keine übereinstimmenden Quizze gefunden
Verteilung der Resultate
Anzahl Personen mit jedem Resultat
Perzentil nach korrekt beantworteten Fragen
Ihre Resultats-Entwicklung
Sie haben dieses Quiz noch nicht gespielt